| 000 | 00909 a2200205 4500 | ||
|---|---|---|---|
| 001 | 28165 | ||
| 005 | 20260407155554.0 | ||
| 008 | 260407a1981 arg spa d | ||
| 003 | AR-UNSa-BCEJYS | ||
| 040 |
_aAR-UNSa-BCEJYS _bspa _cAR-UNSa-BCEJYS |
||
| 080 |
_a657 _xContabilidad |
||
| 245 | 1 | 0 | _aAspectos prácticos de contabilidad |
| 264 | 1 |
_aBuenos Aires : _bTesis _c1981 |
|
| 300 |
_a315 p. _c23 cm. |
||
| 505 | _a1. El patrimonio - 2. Las cuentas - 3. La documentación - 4. Los registros principales - 5. Disponibilidad - 6. Créditos - 7. Inversiones - 8. Bienes de cambio - 9. Bienes de uso - 10. Bienes intangibles - 11. Deudas - 12. Capital - 13. Resultados acumulados - 14. Reservas - 15. Correcciones de errores u omisiones contables - 16. El balance | ||
| 942 | _cBK | ||
| 590 | _aniveau_biblio:m niveau_hierar:0 | ||
| 100 | 1 | _aLarocca, Norberto Genaro | |
| 700 | 1 | _aFernández Durán, Elsa S. de | |
| 999 |
_c1663 _d1663 |
||